Statistiques concernant Pokémon ayant la stat Vitesse la plus haute

Cliquez ici pour prendre le quiz!

Statistiques générales

  • Ce quiz a été pris 822 fois
    (586 depuis la dernière actualisation)
  • Le résultat moyen est 21 sur 54

Statistiques - réponses

StatPokémon% Correct
386150Deoxys
85%
386150Deoxys (forme attaque)
85%
386180Deoxys (forme vitesse)
85%
150130Mewtwo
72%
101150Electrode
69%
291160Ninjask
69%
493120Arceus
62%
150140Méga-Mewtwo Y
60%
150130Méga-Mewtwo X
59%
888148Zacian (Épée Suprême)
54%
888138Zacian (Héros aguerri)
54%
135130Voltali
53%
889128Zamazenta (Bouclier Suprême)
51%
889138Zamazenta (Héros aguerri)
51%
065120Alakazam
50%
065150Méga-Alakazam
50%
795151Cancrelove
49%
015145Méga-Dardargnan
49%
142150Méga-Ptéra
48%
142130Ptéra
48%
018121Méga-Roucarnage
46%
807143Zeraora
46%
887142Lanssorien
45%
094130Méga-Ectoplasma
43%
658132Amphinobi (forme Sacha)
42%
658122Amphinobi
41%
254145Méga-Jungko
41%
310135Méga-Elecsprint
39%
617145Limaspeed
37%
254120Jungko
36%
491125Darkrai
32%
890130Éthernatos
32%
169130Nostenfer
32%
461125Dimoret
30%
492127Shaymin (forme céleste)
30%
800129Ultra-Necrozma
29%
373120Méga-Drattak
28%
428135Méga-Lockpin
28%
641121Boréas (forme totémique)
27%
785130Tokorico
27%
802125Marshadow
25%
663126Flambusard
24%
818120Lézargus
22%
051120Triopikeur
22%
804121Mandrillon
19%
715123Bruyverne
17%
277125Hélédelle
17%
648128Meloetta (forme danse)
17%
555135Darumacho de Galar (Mode Transe)
14%
847136Hastacuda
14%
774120Météno (forme noyau)
12%
836121Fulgudog
10%
875130Bekaglaçon (Tête de Dégel)
7%
743124Rubombelle
7%

Distribution des résultats

Percentile par nombre de réponses

% des personnes avec chaque résultat

Votre développement - résultats

Vous n’avez pas pris ce quiz depuis la dernière actualisation